header

Sensibilities of the Islamic Mediterranean (Record no. 72803)

MARC details
000 -LEADER
fixed length control field 01622nam a2200361 a 4500
082 04 - DEWEY DECIMAL CLASSIFICATION NUMBER
Classification number 909.09822
245 00 - TITLE STATEMENT
Title Sensibilities of the Islamic Mediterranean
260 ## - PUBLICATION, DISTRIBUTION, ETC. (IMPRINT)
Place of publication London ;
-- New York :
Name of publisher I.B. Tauris ;
Place of publication Strasbourg, France :
Name of publisher European Science Foundation ;
Place of publication New York :
Name of publisher In the United States and Canada distributed by Palgrave Macmillan,
Year of publication 2008.
300 ## - PHYSICAL DESCRIPTION
Number of Pages xii, 392 p. :
Other physical details ill., maps.
490 1# - SERIES STATEMENT
Series statement The Islamic Mediterranean ;
650 #0 - SUBJECT ADDED ENTRY--TOPICAL TERM
Topical Term Islamic literature
Topical Term Islam and culture
Topical Term Expression (Philosophy)
700 1# - ADDED ENTRY--PERSONAL NAME
Personal name Ostle, Robin.
856 40 - ELECTRONIC LOCATION AND ACCESS
Uniform Resource Identifier http://site.ebrary.com/lib/rucke/Doc?id=10289954

No items available.

© 2026 Rongo University
Contact us: librarian | system librarian | Rongo university